| 000 | 00888nam a2200265 i 4500 | ||
|---|---|---|---|
| 003 | DO-SdBNP | ||
| 005 | 20240823143140.0 | ||
| 007 | ta | ||
| 008 | 240823b2024 dr ||||| |||| 00| 0 spa d | ||
| 020 | _a9789945223613 | ||
| 040 |
_aDO-SdBNP _bspa _cBNPHU _erda |
||
| 082 | 4 | _222 | |
| 100 |
_aEncarnación, Miguel Ángel _d1981- _964166 _eautor |
||
| 245 | 1 | 0 |
_aCatarsis : _bpoemas y pensamientos / _cMiguel Ángel Encarnación ; prólogo, Kenia Yulania Lantigua Valentín |
| 264 |
_aSanto Domingo : _bBúho, _c2024. |
||
| 300 |
_a67 páginas ; _c23 cm. |
||
| 336 |
_2rdacontent _atexto _btxt |
||
| 337 |
_2rdamedia _asin mediación _bn |
||
| 338 |
_2rdacarrier _avolumen _bnc |
||
| 500 | _aIncluye datos biográficos del autor en las solapas | ||
| 590 | _aInventariado, 2024/BT | ||
| 700 |
_aLantigua Valentín, Kenia Yulania, _eprólogo _986392 |
||
| 910 | _aBtavárez | ||
| 942 |
_2ddc _cLBS1 |
||
| 999 |
_c57542 _d57542 |
||